Southville International School and Colleges
Your cart is empty.
  • Cart
  • Lists
    Public lists Eva Luna New books Lux_list list_1
    Your lists Log in to create your own lists
  • Log in to your account
  • Your cookies
  • Search history
Southville International School and Colleges
  • Advanced search
  • Recent comments
  • Most popular
  • Libraries

Log in to your account

Log in with GOOGLE


If you do not have an external account, but do have a local account, you can still log in:

  1. Home
  2. MARC view: A story on filipino values presented to grade 1-2 students of divine light academy
Normal view MARC view ISBD view

A story on filipino values presented to grade 1-2 students of divine light academy (Record no. 367122)

[ view plain ]
MARC details
000 -LEADER
fixed length control field 00824nam a22002177a 4500
003 - CONTROL NUMBER IDENTIFIER
control field 0
005 - DATE AND TIME OF LATEST TRANSACTION
control field 20250204154455.0
008 - FIXED-LENGTH DATA ELEMENTS--GENERAL INFORMATION
fixed length control field 250204b xxu||||| |||| 00| 0 eng d
050 ## - LIBRARY OF CONGRESS CALL NUMBER
Classification number PZ 7.5
Item number .G85 2024
100 ## - MAIN ENTRY--PERSONAL NAME
Personal name Guinto, Kathrin Mae
245 ## - TITLE STATEMENT
Title A story on filipino values presented to grade 1-2 students of divine light academy
Statement of responsibility, etc Kathrin Mae Guinto
260 ## - PUBLICATION, DISTRIBUTION, ETC. (IMPRINT)
Place of publication, distribution, etc Las Pinas City
Name of publisher, distributor, etc Southville International School and Colleges
Date of publication, distribution, etc c2024
300 ## - PHYSICAL DESCRIPTION
Extent vii, 100 pages ;
Dimensions 28cm.
500 ## - GENERAL NOTE
General note Bachelor of Arts in Communication.
504 ## - BIBLIOGRAPHY, ETC. NOTE
Bibliography, etc Includes bibliographical references and appendices. <br/>
650 ## - SUBJECT ADDED ENTRY--TOPICAL TERM
Topical term or geographic name as entry element Filipino values—Juvenile literature.
650 ## - SUBJECT ADDED ENTRY--TOPICAL TERM
Topical term or geographic name as entry element Moral education—Philippines.
650 ## - SUBJECT ADDED ENTRY--TOPICAL TERM
Topical term or geographic name as entry element Children's stories—Philippine culture.
650 ## - SUBJECT ADDED ENTRY--TOPICAL TERM
Topical term or geographic name as entry element Elementary education—Philippines.
942 ## - ADDED ENTRY ELEMENTS (KOHA)
Source of classification or shelving scheme Library of Congress Classification
Koha item type Theses
Holdings
Withdrawn status Lost status Source of classification or shelving scheme Damaged status Home library Current library Shelving location Date acquired Source of acquisition Sub Shelving location Total Checkouts Full call number Barcode Date last seen Price effective from Koha item type
    Library of Congress Classification   College Library College Library Theses Section 02/04/2025 Donation     PZ 7.5 .G85 2024 T1334 02/04/2025 02/04/2025 Theses

A story on filipino values presented to grade 1-2 students of divine light academy

APA

Guinto K. M., . (2024). A story on filipino values presented to grade 1-2 students of divine light academy. Las Pinas City: Southville International School and Colleges.

Chicago

Guinto Kathrin Mae, . 2024. A story on filipino values presented to grade 1-2 students of divine light academy. Las Pinas City: Southville International School and Colleges.

Harvard

Guinto K. M., . (2024). A story on filipino values presented to grade 1-2 students of divine light academy. Las Pinas City: Southville International School and Colleges.

MLA

Guinto Kathrin Mae, . A story on filipino values presented to grade 1-2 students of divine light academy. Las Pinas City: Southville International School and Colleges. 2024.

  • Print
  • Cite
  • Add to your cart (remove)
  • Save record
    BIBTEX Dublin Core MARCXML MARC (non-Unicode/MARC-8) MARC (Unicode/UTF-8) MARC (Unicode/UTF-8, Standard) MODS (XML) RIS
  • More searches
    Search for this title in:
    Other Libraries (WorldCat) Other Databases (Google Scholar) Online Stores (Bookfinder.com) Open Library (openlibrary.org)

Exporting to Dublin Core...

SOUTHVILLE LIBRARY

Southville International School and Colleges Library

1281 Tropical Ave. Cor. Luxembourg St., BF Homes International, Las Pinas City

Tel. No. 8256374 / 252358 Loc. 117/146

Powered by Koha